000 00916cam a2200313 a 4500
001 11339147
003 ARRUPE
005 20160216093911.0
006 m u
007 cr cn|||||||||
008 080219s2008 nju sb 001 0beng d
010 _z 2008007127
020 _z9780691131344 (hardcover : alk. paper)
020 _z9780691152356
020 _z9781400828944 (e-book)
035 _a(CaPaEBR)ebr10492891
035 _a(NNC)11339147
040 _aCaPaEBR
_cCaPaEBR
050 1 4 _aB3216.C34
_bS55 2008eb
082 0 4 _a193
_222
100 1 _aSkidelsky, Edward.
_922334
245 1 0 _aErnst Cassirer
_bthe last philosopher of culture /
_cEdward Skidelsky.
260 _aPrinceton :
_bPrinceton University Press,
_cc2009.
300 _aviii, 288 p.
533 _a
_b
_c
_d
_n
_n
600 1 0 _aCassirer, Ernst,
_d1874-1945.
_920247
942 _2lcc
_cMONOGRAPH
999 _c124187
_d124187